000 00221 a2200097 4500
001 43895
100 _aSarwar
245 _aMusalman Aqwam Kay Zawal Kay Asbab
260 _aLahore
_bDar ul Kitab
_c
090 _c27637
_d27637
942 _aNUST-CAE
_cM
_c19599
999 _c278968
_d278968